000 00674nam a2200157 a 4500
008 200723s2013 ||||||||||||||||| || u
020 _a9781107603578
050 _aBF 311 Lee
100 _aLee, Michael D.
245 1 0 _aBayesian cognitive modeling : a practical course
_cBy Michael D. Lee; Eric-Jan Wagenmakers
260 _aCambridge
_bCambridge University Press
_c2013
300 _axiii, 264 pages : illustrations
650 _aBAYESIAN STATISTICAL DECISION THEORY
700 _aWagenmakers, Eric-Jan
995 _D58.45
_FCBU-MAIN LIBRARY (Kitwe)
_M1
_UAVAILABLE
_WJul 29, 2020
_ZMain Library Open Access Collection
999 _c35658
_d35658